THE LESOTHO NATIONAL ASSEMBLY ELECTIONS (Record no. 1790)
[ view plain ]
| 000 -LEADER | |
|---|---|
| fixed length control field | 00275nam a22001097a 4500 |
| 008 - FIXED-LENGTH DATA ELEMENTS--GENERAL INFORMATION | |
| fixed length control field | 230620b xxu||||| |||| 00| 0 eng d |
| 082 ## - DEWEY DECIMAL CLASSIFICATION NUMBER | |
| Classification number | 324.9 |
| Item number | COG |
| 100 ## - MAIN ENTRY--PERSONAL NAME | |
| Titles and words associated with a name | COMMON WEALTH SECRETARIAT |
| 245 ## - TITLE STATEMENT | |
| Title | THE LESOTHO NATIONAL ASSEMBLY ELECTIONS |
| 300 ## - PHYSICAL DESCRIPTION | |
| Extent | 38p |
| 942 ## - ADDED ENTRY ELEMENTS (KOHA) | |
| Source of classification or shelving scheme | Dewey Decimal Classification |
| Koha item type | Books |
| Withdrawn status | Lost status | Source of classification or shelving scheme | Damaged status | Not for loan | Home library | Current library | Date acquired | Total Checkouts | Full call number | Barcode | Date last seen | Price effective from | Koha item type |
|---|---|---|---|---|---|---|---|---|---|---|---|---|---|
| Dewey Decimal Classification | Bunge Tower Library | Bunge Tower Library | 06/20/2023 | 324.9 COG | 10014063 | 06/20/2023 | 06/20/2023 | Books |
